| 000 | 00845 a2200229 4500 | ||
|---|---|---|---|
| 010 | _aTML-30228 | ||
| 020 | _c40.00 | ||
| 035 | _aTM-28464 | ||
| 037 | _bD.B.Act / pub / | ||
| 082 | _a894.8113 | ||
| 090 |
_c329 _d329 |
||
| 100 | _aசீனிவாசன், வேணு | ||
| 245 |
_aகுழந்தைகளுக்கான ஓழுக்கநெறிக் கதைகள் _c வேணு சீனிவாசன் |
||
| 246 |
_aKuzhandaigalukkana ozhukkanerik kadaigal _bby Venu srinivasan |
||
| 250 | _a1st ed | ||
| 260 |
_aCoimbatore _bVijaya Pathippagam _c2006 |
||
| 270 |
_a20, Raja veedhi, Coimbatore _e641001 |
||
| 300 |
_a136p _c18cm |
||
| 650 |
_aTamil Literature _xFiction |
||
| 942 |
_cTM _k894.8113 / SRI |
||
| 999 |
_c327 _d327 |
||